| 000 | 004970000a22001810004500 | ||
|---|---|---|---|
| 041 | 0 | _aENG | |
| 082 | 0 | 4 | _aG 234.8 H8895m |
| 100 | 1 | _aHuffman, J. A. | |
| 245 | 1 | 0 | _aThe meaning of pentecost and the spirit filled life / J. A. Huffman |
| 260 | _aMarion, Indiana, USA : Standard | ||
| 300 | _a45 Pag | ||
| 650 | 1 | 4 | _aPENTECOSTES \ VIDA ESPIRITUAL |
| 001 | 4328 | ||
| 942 | _cBK | ||
| 999 |
_c34937 _d34937 |
||
| 336 |
_atexto _btxt _2rdacontent |
||
| 337 |
_2rdamedia _asin mediación _bn |
||
| 338 |
_2rdacarrier _avolumen _bnc |
||